000000808 001__ 808 000000808 005__ 20260421124117.0 000000808 0247_ $$2DOI$$a10.6083/M46M34TF 000000808 037__ $$aETD 000000808 245__ $$aHypothalamic gene expression and signal transduction effects of estrogen 000000808 260__ $$bOregon Health and Science University 000000808 269__ $$a2007 000000808 336__ $$aDissertation 000000808 502__ $$bPh.D. 000000808 502__ $$gPhysiology & Pharmacology (sunsetting) 000000808 520__ $$aThe goal of this dissertation is to define the molecular mechanisms underlying estrogen-mediated regulation of physiological homeostasis. Estrogen exerts both rapid and long-lasting effects in the central nervous system through complex interactions with multiple signaling pathways, making its mechanisms of action difficult to delineate. By identifying hypothalamic genes and signaling pathways regulated by estrogen, this work aims to clarify how estrogen integrates and coordinates diverse physiological processes. A deeper understanding of these molecular effects will inform the development of targeted therapeutic strategies for disorders affecting fertility and homeostatic regulation. 000000808 540__ $$fCC BY 000000808 542__ $$fIn copyright - single owner 000000808 650__ $$aGenetics$$019472 000000808 650__ $$aPhysiology$$024123 000000808 650__ $$aGene Expression Regulation$$019437 000000808 650__ $$aHypothalamus$$020595 000000808 650__ $$aEstrogens$$018663 000000808 650__ $$aPhosphatidylinositol 3-Kinases$$031944 000000808 650__ $$aSignal Transduction$$028380 000000808 650__ $$aCentral Nervous System$$016312 000000808 650__ $$aReceptors, Estrogen$$025195 000000808 691__ $$aSchool of Medicine$$041369 000000808 692__ $$aDepartment of Physiology and Pharmacology$$041442 000000808 7001_ $$aMalyala, Anna$$uOregon Health and Science University$$041354 000000808 7201_ $$aRonnekleiv, Oline$$uOregon Health and Science University$$041354$$7Personal$$eMentor$$eAdvisor 000000808 8564_ $$9524fbebe-5cc9-4c54-9d21-cd571acd1ac9$$s3953052$$uhttps://digitalcollections.ohsu.edu/record/808/files/811_etd.pdf$$ePublic$$2247c2eb4cae5fa00055e453362b89be0$$31 000000808 901__ $$a<p>These documents are archival records. They are retained for historical reference only. </p><p><b>Need an accessible version? Use the ‘Get Accessible Copy’ link above.</b></p> 000000808 905__ $$a/rest/prod/v4/05/s9/42/v405s9425 000000808 909CO $$ooai:digitalcollections.ohsu.edu:808$$pstudent-work 000000808 956__ $$aGet Accessible Copy$$uhttps://ohsu.libwizard.com/f/requestaccessibledocument 000000808 980__ $$aTheses and Dissertations